| 000 | 01225nam a2200313 a 4500 | ||
|---|---|---|---|
| 001 | |||
| 003 | DO-SdBNP | ||
| 005 | 20210719101327.0 | ||
| 008 | 140320s2017 dr a 001 0 spa d | ||
| 020 | _a9789945590647 | ||
| 040 |
_aBPMSU _bspa _cBPMSU |
||
| 082 |
_a282.7293 _bB562i 2017 _222 |
||
| 100 | 1 | _aBetances, Emelio | |
| 240 | 1 | 0 |
_aThe catholic church and power politics in Latin America : the dominican case in comparative perspective _lespañol |
| 245 | 1 | 3 |
_aLa iglesia católica y la política del poder en América Latina : _bel caso dominicano en perspectiva comparada / _cEmilio Betances ; prólogo José Luis Sáez. |
| 250 | _a2a. ed. | ||
| 260 |
_aSanto Domingo : _bFUNGLODE, _c2017 |
||
| 300 |
_a427 p. : _bil., tabls. ; _c24 cm. |
||
| 490 | 0 | _aDemocracia | |
| 504 | _aIncluye bibligrafía y notas al pie de páginas. | ||
| 504 | _aBibliografía: p. 385-406. | ||
| 590 | _aInventariado, 2018/ YL | ||
| 650 | 4 |
_aIglesia católica _zRepública Dominicana _xHistoria _ySiglo XX |
|
| 650 | 4 |
_aIglesia y Estado en República Dominicana _xSiglo xx |
|
| 700 | 1 |
_aSáez, José Luis _epról. |
|
| 710 | 2 | _aFundación Global Democracía y Desarrollo (República Dominicana) | |
| 910 | _aVMateo V | ||
| 942 |
_2ddc _cBK |
||
| 999 |
_c13578 _d13578 |
||